Inquisición: historia crítica

Guardat en:
Dades bibliogràfiques
Autors principals: García Cárcel, Ricardo (Autor), Moreno Martínez, Doris (Autor)
Format: Llibre
Idioma:espanyol
Publicat: Madrid Temas de Hoy 2000
Col·lecció:Colección Historia
Matèries:
Etiquetes: Afegir etiqueta
Sense etiquetes, Sigues el primer a etiquetar aquest registre!

MARC

LEADER 00000nam a2200000 a 4500
001 UCN2907
003 CL-VaPUC
008 010615e20000000SP |||||||||||||||||spa|d
082 0 4 |a 272.2  |b GAR  |2 21 
100 |a García Cárcel, Ricardo  |e author  |9 520346 
700 0 |a Moreno Martínez, Doris  |e author  |9 459183 
245 1 0 |a Inquisición: historia crítica 
300 |a 405 p 
942 |c BK 
945 |d 20010615 00:00:00  |a cmena 
260 |a Madrid  |b Temas de Hoy  |c 2000 
650 0 |a Inquisición (Iglesia Católica)  |9 258578 
650 7 |a SECTARISMO  |2 CL-VaPUC  |9 393165 
650 7 |a SANTO OFICIO  |2 CL-VaPUC  |9 459184 
650 7 |a HISTORIA ESPAÑOLA  |2 CL-VaPUC  |9 321819 
650 0 |a Iglesia Católica  |9 256114 
650 7 |a PERSECUCIONES RELIGIOSAS  |2 CL-VaPUC  |9 459185 
583 |a last modification  |c 20010615 00:00:00  |k Rodrigo Vera 
490 0 |a Colección Historia 
999 |c 295926  |d 295924 
952 |0 0  |1 0  |4 0  |6 272_200000000000000_GAR_2000  |7 0  |8 A  |9 349369  |a BIBHIS  |b BIBHIS  |d 2019-11-20  |i 3709906  |o 272.2 GAR 2000  |p 3709906  |r 2025-01-20  |w 2019-11-20  |y BK  |k HIS